| 000 | 02256nam0a2200433 4500 | ||
|---|---|---|---|
| 001 | RU\NLR\BIBL_A\022284520 | ||
| 005 | 20250625184410.0 | ||
| 010 |
_bВ пер. _d2 р. 20 к. _92400 |
||
| 021 |
_aRU _b84-74599] |
||
| 035 | _a(NLR Aleph) 022284520 | ||
| 090 |
_a13226707 _c13226707 |
||
| 100 | _a20041129d1984 |||y0rusy50 ca | ||
| 101 | 0 |
_arus _a9rd |
|
| 102 | _aRU | ||
| 105 | _ay z|||||1|| | ||
| 181 | 0 |
_ai _baxxe |
|
| 182 | 0 | _an | |
| 200 | 1 |
_a"Слово о законе и благодати" Илариона _fА.М. Молдован _gответственные редакторы: Л.П. Жуковская, В.Ю. Франчук _gАН СССР. Институт русского языка, АН УССР. Институт языковедения им. А.А. Потебни |
|
| 203 |
_aТекст _bвизуальный _cнепосредственный |
||
| 210 |
_aКиев _d1984 |
||
| 215 |
_a240 с. _d20 |
||
| 300 | _aТекст памятника: древнерусский | ||
| 320 | _aБиблиогр. в примечаниях: с. 70-76 | ||
| 320 | _aУказатель слов и форм списка с-591: с. 198-239 | ||
| 327 | 1 | _aВ книге также помещены списки основных редакций памятника с разночтениями | |
| 605 |
_a"Слово о Законе и Благодати" Илариона, митрополита Киевского _92098219 _3RU\NLR\AUTH\661269318 |
||
| 606 | 1 |
_aРусский язык _xПамятники письменности _91543525 _3RU\NLR\AUTH\66974354 |
|
| 606 | 1 |
_aДревнерусская литература _xПамятники _91042574 _3RU\NLR\AUTH\66401732 |
|
| 686 | 1 | _aШ5(2=Р)331.25-4Иларион | |
| 686 | 1 | _aШ5(2=Р)357 | |
| 686 | 1 | _aШ141.12-01пам. | |
| 700 | 1 |
_aМолдован _bА. М. _gАлександр Михайлович |
|
| 702 | 1 |
_4340 _7ca _8rus _aЖуковская _bЛ. П. _cд-р филол. наук _f1920-1994 _gЛидия Петровна _9164562 _3RU\NLR\AUTH\770164606 |
|
| 702 | 1 |
_aФранчук _bВ. Ю. _gВера Юрьевна _4340 |
|
| 801 | 0 |
_aRU _bNLR _gpsbo |
|
| 852 |
_aNLR _j85-3/1585 |
||
| 942 | _cBOOK | ||
| 980 | _aNB | ||